000 00606nam a2200181Ia 4500
008 210719s2020 xx 000 0 und d
020 _a978-93-89305-44-9
041 _aeng
082 _a658.0071154 KAGB
100 _aKAGZI (Vibha)
245 _aBreak the MBA code;Fast track your way into the ivy league and other top colleges
260 _aAhmedabad
_bJaico Publishing House
_c2020
300 _axv,394
_bPB
365 _b450
_cRs
650 _aManagement
650 _aManagement Entrance
906 _aBreak ; code ; colleges ; Fast ; into ; ivy ; league ; MBA ; other ; top ; track ; way ; your
999 _c211899
_d211899